000 00517nam a2200193Ia 4500
003 OSt
005 20221007082722.0
006 a|||||r|||| 00| 0
007 ta
008 221006b |||||||| |||| 00| 0 eng d
024 _a22,633
037 _cDissertations
040 _aFLL
_cFLL
_beng
041 _2eng
_aeng
100 _aAryal Ravi Sharma
245 0 _aA study on nature and scope of mandamus with special reference to Nepal
942 _cDIS
_2CC
999 _c1167489
_d1167489